000 00695cam a2200253 4500
008 090401t1987 xxu||||| |||| 00| 0 eng d
020 _a0114934150
035 _a(Sirsi) u54013
041 _aeng
050 _a693.97
110 _aUnited Kingdom
_bScottish Office
_91510
245 2 _aA guide to non-traditional and temporary housing in Scotland 1923 - 1955
260 _aEdinburgh
_bHMSO
_c1987
300 _avii,250p. : ill. ; 30cm.
350 _a19.5
650 _aALUMINIUM HOUSES
650 _aCONCRETE HOUSES
650 _aPREFABRICATION
650 _aSTEEL FRAMED HOUSES
650 _aSYSTEM-BUILT HOUSES
650 _aTIMBER HOUSES
942 _n0
948 _c04/03/1997
999 _c93392
_d93392